<?xml version="1.0" encoding="UTF-8"?>
<record
    xmlns:xsi="http://www.w3.org/2001/XMLSchema-instance"
    xsi:schemaLocation="http://www.loc.gov/MARC21/slim http://www.loc.gov/standards/marcxml/schema/MARC21slim.xsd"
    xmlns="http://www.loc.gov/MARC21/slim">

  <leader>02536nam a22002897a 4500</leader>
  <controlfield tag="005">20120215110753.0</controlfield>
  <datafield tag="010" ind1=" " ind2=" ">
    <subfield code="a">B-479004-008</subfield>
  </datafield>
  <datafield tag="020" ind1=" " ind2=" ">
    <subfield code="a">8181461916</subfield>
    <subfield code="c">115.00</subfield>
  </datafield>
  <datafield tag="035" ind1=" " ind2=" ">
    <subfield code="a">B-479004-008</subfield>
  </datafield>
  <datafield tag="037" ind1=" " ind2=" ">
    <subfield code="b">&#x92C;&#x94D;&#x932;&#x942;&#x92C;&#x947;&#x930;&#x940; &#x92C;&#x941;&#x915;&#x94D;&#x938;</subfield>
  </datafield>
  <datafield tag="082" ind1=" " ind2=" ">
    <subfield code="a">&#x915;</subfield>
  </datafield>
  <datafield tag="100" ind1=" " ind2=" ">
    <subfield code="a">&#x91A;&#x921;&#x94D;&#x922;&#x93E;, &#x930;&#x93E;&#x927;&#x93F;&#x915;&#x93E;</subfield>
    <subfield code="9">51513</subfield>
  </datafield>
  <datafield tag="245" ind1=" " ind2=" ">
    <subfield code="a">&#x916;&#x930;&#x94D;&#x930;&#x93E;&#x91F;&#x93E; &#x936;&#x923;&#x94D;&#x92E;&#x941;&#x917;&#x92E; /</subfield>
    <subfield code="c">&#x930;&#x93E;&#x927;&#x93F;&#x915;&#x93E; &#x91A;&#x921;&#x94D;&#x922;&#x93E;;&#x92A;&#x94D;&#x930;&#x93F;&#x92F;&#x93E; &#x915;&#x941;&#x930;&#x93F;&#x92F;&#x928; &#x926;&#x94D;&#x935;&#x93E;&#x930;&#x93E; &#x91A;&#x93F;&#x924;&#x94D;&#x930;&#x93E;&#x902;&#x915;&#x93F;&#x924;;&#x926;&#x940;&#x92F;&#x93E; &#x928;&#x93E;&#x92F;&#x930; &#x926;&#x94D;&#x935;&#x93E;&#x930;&#x93E; &#x905;&#x928;&#x941;&#x926;&#x93F;&#x924;</subfield>
  </datafield>
  <datafield tag="260" ind1=" " ind2=" ">
    <subfield code="a">&#x91A;&#x948;&#x928;&#x94D;&#x928;&#x908;</subfield>
    <subfield code="b">&#x924;&#x942;&#x932;&#x93F;&#x915;&#x93E; &#x92A;&#x92C;&#x94D;&#x932;&#x93F;&#x936;&#x93F;&#x902;&#x917;</subfield>
    <subfield code="c">2009</subfield>
  </datafield>
  <datafield tag="270" ind1=" " ind2=" ">
    <subfield code="a">13, &#x92A;&#x943;&#x925;&#x94D;&#x935;&#x940; &#x910;&#x935;&#x928;&#x94D;&#x92F;&#x941;,&#x905;&#x92D;&#x93F;&#x930;&#x92E;&#x92A;&#x941;&#x930;&#x92E;</subfield>
    <subfield code="b">&#x91A;&#x948;&#x928;&#x94D;&#x928;&#x908;</subfield>
    <subfield code="e">600018</subfield>
  </datafield>
  <datafield tag="300" ind1=" " ind2=" ">
    <subfield code="a">&#x905;.&#x92A;&#x943;</subfield>
    <subfield code="b">&#x938;&#x91A;&#x93F;&#x924;&#x94D;&#x930;</subfield>
    <subfield code="c">18&#x938;&#x947;&#x92E;&#x940; (&#x905;&#x91C;&#x93F;&#x932;&#x94D;&#x926;)</subfield>
  </datafield>
  <datafield tag="700" ind1=" " ind2=" ">
    <subfield code="a">&#x915;&#x941;&#x930;&#x93F;&#x92F;&#x928;, &#x92A;&#x94D;&#x930;&#x93F;&#x92F;&#x93E; </subfield>
    <subfield code="9">42026</subfield>
  </datafield>
  <datafield tag="700" ind1=" " ind2=" ">
    <subfield code="a">&#x928;&#x93E;&#x92F;&#x930;, &#x926;&#x940;&#x92F;&#x93E; </subfield>
    <subfield code="9">42032</subfield>
  </datafield>
  <datafield tag="942" ind1=" " ind2=" ">
    <subfield code="2">ddc</subfield>
    <subfield code="c">CH</subfield>
    <subfield code="h">&#x915;</subfield>
    <subfield code="m">&#x91A;&#x921;&#x94D;&#x922;&#x93E;&#x930;&#x93E;</subfield>
  </datafield>
  <datafield tag="999" ind1=" " ind2=" ">
    <subfield code="c">62804</subfield>
    <subfield code="d">62804</subfield>
  </datafield>
  <datafield tag="952" ind1=" " ind2=" ">
    <subfield code="0">0</subfield>
    <subfield code="1">0</subfield>
    <subfield code="4">0</subfield>
    <subfield code="7">-1</subfield>
    <subfield code="a">AG</subfield>
    <subfield code="b">AG</subfield>
    <subfield code="d">2012-02-15</subfield>
    <subfield code="g">115.00</subfield>
    <subfield code="l">0</subfield>
    <subfield code="o">&#x915; &#x91A;&#x921;&#x94D;&#x922;&#x93E;&#x930;&#x93E;</subfield>
    <subfield code="r">2012-02-15 00:00:00</subfield>
    <subfield code="v">115.00</subfield>
    <subfield code="w">2012-02-15</subfield>
    <subfield code="y">CH</subfield>
  </datafield>
  <datafield tag="952" ind1=" " ind2=" ">
    <subfield code="0">0</subfield>
    <subfield code="1">0</subfield>
    <subfield code="4">0</subfield>
    <subfield code="7">0</subfield>
    <subfield code="8">FIC</subfield>
    <subfield code="a">BL3</subfield>
    <subfield code="b">BL3</subfield>
    <subfield code="d">2012-08-27</subfield>
    <subfield code="e">&#x92C;&#x94D;&#x932;&#x942;&#x92C;&#x947;&#x930;&#x940; &#x92C;&#x941;&#x915;&#x94D;&#x938;/IN8483/14.04.12/43/20.03.12/19.05.12</subfield>
    <subfield code="g">115.00</subfield>
    <subfield code="l">0</subfield>
    <subfield code="o">&#x915; &#x91A;&#x921;&#x94D;&#x922;&#x93E;&#x930;&#x93E;</subfield>
    <subfield code="p">B-479004</subfield>
    <subfield code="r">2012-08-27 00:00:00</subfield>
    <subfield code="t">1</subfield>
    <subfield code="v">115.00</subfield>
    <subfield code="y">CH</subfield>
  </datafield>
  <datafield tag="952" ind1=" " ind2=" ">
    <subfield code="0">0</subfield>
    <subfield code="1">5</subfield>
    <subfield code="4">0</subfield>
    <subfield code="7">0</subfield>
    <subfield code="8">FIC</subfield>
    <subfield code="a">NRR</subfield>
    <subfield code="b">NRR</subfield>
    <subfield code="d">2012-08-27</subfield>
    <subfield code="e">&#x92C;&#x94D;&#x932;&#x942;&#x92C;&#x947;&#x930;&#x940; &#x92C;&#x941;&#x915;&#x94D;&#x938;/IN8483/14.04.12/43/20.03.12/19.05.12</subfield>
    <subfield code="g">115.00</subfield>
    <subfield code="l">0</subfield>
    <subfield code="o">&#x915; &#x91A;&#x921;&#x94D;&#x922;&#x93E;&#x930;&#x93E;</subfield>
    <subfield code="p">B-479005</subfield>
    <subfield code="r">2012-08-27 00:00:00</subfield>
    <subfield code="t">1</subfield>
    <subfield code="v">115.00</subfield>
    <subfield code="y">CH</subfield>
  </datafield>
  <datafield tag="952" ind1=" " ind2=" ">
    <subfield code="0">0</subfield>
    <subfield code="1">0</subfield>
    <subfield code="4">0</subfield>
    <subfield code="7">0</subfield>
    <subfield code="8">FIC</subfield>
    <subfield code="a">NR</subfield>
    <subfield code="b">NR</subfield>
    <subfield code="d">2012-08-27</subfield>
    <subfield code="e">&#x92C;&#x94D;&#x932;&#x942;&#x92C;&#x947;&#x930;&#x940; &#x92C;&#x941;&#x915;&#x94D;&#x938;/IN8483/14.04.12/43/20.03.12/19.05.12</subfield>
    <subfield code="g">115.00</subfield>
    <subfield code="l">0</subfield>
    <subfield code="o">&#x915; &#x91A;&#x921;&#x94D;&#x922;&#x93E;&#x930;&#x93E;</subfield>
    <subfield code="p">B-479006</subfield>
    <subfield code="r">2012-08-27 00:00:00</subfield>
    <subfield code="t">1</subfield>
    <subfield code="v">115.00</subfield>
    <subfield code="w">2012-08-27</subfield>
    <subfield code="y">CH</subfield>
  </datafield>
  <datafield tag="952" ind1=" " ind2=" ">
    <subfield code="0">0</subfield>
    <subfield code="1">0</subfield>
    <subfield code="4">0</subfield>
    <subfield code="7">0</subfield>
    <subfield code="8">FIC</subfield>
    <subfield code="a">BN</subfield>
    <subfield code="b">BN</subfield>
    <subfield code="d">2012-08-27</subfield>
    <subfield code="e">&#x92C;&#x94D;&#x932;&#x942;&#x92C;&#x947;&#x930;&#x940; &#x92C;&#x941;&#x915;&#x94D;&#x938;/IN8483/14.04.12/43/20.03.12/19.05.12</subfield>
    <subfield code="g">115.00</subfield>
    <subfield code="l">7</subfield>
    <subfield code="o">&#x915; &#x91A;&#x921;&#x94D;&#x922;&#x93E;&#x930;&#x93E;</subfield>
    <subfield code="p">B-479007</subfield>
    <subfield code="r">2022-11-02 00:00:00</subfield>
    <subfield code="s">2022-10-20</subfield>
    <subfield code="t">1</subfield>
    <subfield code="v">115.00</subfield>
    <subfield code="w">2012-08-27</subfield>
    <subfield code="y">CH</subfield>
  </datafield>
  <datafield tag="952" ind1=" " ind2=" ">
    <subfield code="0">0</subfield>
    <subfield code="1">0</subfield>
    <subfield code="4">0</subfield>
    <subfield code="7">0</subfield>
    <subfield code="8">FIC</subfield>
    <subfield code="a">KV</subfield>
    <subfield code="b">KV</subfield>
    <subfield code="d">2012-08-27</subfield>
    <subfield code="e">&#x92C;&#x94D;&#x932;&#x942;&#x92C;&#x947;&#x930;&#x940; &#x92C;&#x941;&#x915;&#x94D;&#x938;/IN8483/14.04.12/43/20.03.12/19.05.12</subfield>
    <subfield code="g">115.00</subfield>
    <subfield code="l">0</subfield>
    <subfield code="o">&#x915; &#x91A;&#x921;&#x94D;&#x922;&#x93E;&#x930;&#x93E;</subfield>
    <subfield code="p">B-479008</subfield>
    <subfield code="r">2012-08-27 00:00:00</subfield>
    <subfield code="t">1</subfield>
    <subfield code="v">115.00</subfield>
    <subfield code="w">2012-08-27</subfield>
    <subfield code="y">CH</subfield>
  </datafield>
</record>
